National Parks - Map Quiz - Statistics

General Stats
  • This quiz has been taken 6 times
  • The average score is 17 of 43
Answers on the Map
Answers color-coded by a green-red scale on the quiz's map according to % correct below.
 
Answer Stats
Answer % Correct
Galápagos National Park
100%
Yosemite National Park
100%
Banff National Park
83%
Bothnian Bay National Park
83%
Danube-Ipoly National Park
83%
Dartmoor
83%
Kruger National Park
83%
National Marine Park of Zakynthos
83%
Tierra del Fuego National Park
83%
Komodo National Park
67%
Serengeti National Park
67%
Białowieża National Park
50%
Black Forest National Park
50%
Hoàng Liên National Park
50%
Kenozersky National Park
50%
Tikal National Park
50%
Arenal Volcano National Park
33%
Fiordland National Park
33%
Gayasan National Park
33%
Huascarán National Park
33%
Nullarbor National Park
33%
Saloum Delta National Park
33%
Sayram-Ugam National Park
33%
Sierra de las Nieves Natural Park
33%
Sundarbans National Park
33%
Tlemcen National Park
33%
Al Saleel National Park
17%
Blue Holes National Park
17%
Canaima National Park
17%
El Chico National Park
17%
Iguaçu National Park
17%
Karatepe-Aslantaş National Park
17%
Kirindy Mitea National Park
17%
Lar National Park
17%
Los Haitises National Park
17%
Morne Trois Pitons National Park
17%
Mt Talau National Park
17%
White Desert National Park
17%
Iona National Park
0%
Pan de Azúcar National Park
0%
Salamanca Island Road Park
0%
Tunari National Park
0%
Yankari National Park
0%
No matching quizzes found
Score Distribution
Percent of People with Each Score
Percentile by Number Answered
Your Score History
You have not taken this quiz